Actors Playing Real People - Statistics

General Stats
  • This quiz has been taken 25 times
  • The average score is 22 of 32
Answer Stats
Picture Hint Answer % Correct
Abraham Lincoln Daniel Day-Lewis
95%
J. Robert Oppenheimer Cillian Murphy
90%
Malcolm X Denzel Washington
90%
Tonya Harding Margot Robbie
90%
William Wallace Mel Gibson
90%
Władysław Szpilman Adrien Brody
85%
Mohandas Gandhi Ben Kingsley
85%
Claus von Stauffenberg Tom Cruise
85%
Jesse James Brad Pitt
80%
P. T. Barnum Hugh Jackman
80%
Frank Abagnale Jr. Leonardo DiCaprio
80%
Oskar Schindler Liam Neeson
80%
Richard Nixon Anthony Hopkins
75%
Mark Zuckerberg Jesse Eisenberg
75%
Ed Wood Johnny Depp
70%
George Gipp Ronald Reagan
70%
Clyde Barrow Warren Beatty
70%
Winston Churchill Gary Oldman
65%
Jim Morrison Val Kilmer
65%
T. E. Lawrence Peter O'Toole
60%
Charles Van Doren Ralph Fiennes
60%
Lyndon B. Johnson Woody Harrelson
60%
Bonnie Parker Faye Dunaway
55%
Aron Ralston James Franco
55%
Elvis Presley Austin Butler
50%
George S. Patton George C. Scott
50%
Dick Cheney Christian Bale
45%
Sid Vicious Gary Oldman
45%
J. D. Salinger Nicholas Hoult
45%
Bobby Fischer Tobey Maguire
45%
Michael Jackson Jaafar Jackson
40%
Gus March-Phillipps Henry Cavill
35%
No matching quizzes found
Score Distribution
Percent of People with Each Score
Percentile by Number Answered
Your Score History
You have not taken this quiz